| 000 | 00610nam a22001817a 4500 | ||
|---|---|---|---|
| 999 |
_c191676 _d191676 |
||
| 005 | 20220831125230.0 | ||
| 010 | _aENG-134823 | ||
| 020 |
_c150.00 _a9789388927581 |
||
| 035 | _aEN-118355 | ||
| 037 | _bDBAD/PUB | ||
| 082 | _a480 | ||
| 100 | _aJotangiya, Paresh N. | ||
| 245 |
_aLearning English is Fun: _bPreliminary level with exercise/ _cParesh N Jotangiya |
||
| 260 |
_aSurat _bVedant publications _c2019 |
||
| 270 |
_aVedant Publications Rajkot, Ahmedabad _bSurat _e9726999915, 9723476251 _mwww.MyVedant.com |
||
| 300 |
_a95 p. _bIllustrations _c30m (pbk) |
||
| 942 |
_2ddc _cEN _h480 _mJOT |
||